000 00738nam a2200217 a 4500
001 000025126
005 20240412074251.0
008 090928s1945 dr 000 0 spa d
040 _aDO-SdBNP
_bspa
_cBNPHU
082 _a923.7
_bR696s
100 1 _aRodríguez Demorizi, Silveria R.
_923819
245 1 0 _aSalomé Ureña de Henríquez /
_cSilveria R. Rodríguez Demorizi.
260 _a[s.l. :
_bs.n.,
_c1945?].
300 _a45 p.
504 _aIncluye referencias bibliográficas y notas al pie de página.
504 _aBibliografía : p.41-45.
600 0 _aUREÑA DE HENRIQUEZ, SALOME,
_d1850-1897
_xCRÍTICA E INTERPRETACIÓN
_923820
650 0 _aPoesía dominicana
_966
650 0 _aLiteratura dominicana.
_967
049 _aBNPD
999 _c24619
_d24619